Lighting for photography ; means and methods.

Bibliographic Details
Main Author: Nurnberg, Walter, 1907-1991
Format: Book
Language:English
Published: London : New York : Focal Press; Pitman, [1948]
Edition:[1st American ed.].
Subjects:

MARC

Tag First Indicator Second Indicator Subfields
LEADER 00000cam a2200000 4500
001 in00000093537
005 20150927070153.0
008 750923s1948 xx 00000 eng u
010 |a  49001276  
035 |a (OCoLC)01650658 
035 |9 AAL5384AM 
040 |c VA@  |d TXA  |d UtOrBLW 
049 |a TXAM  |c [180799] 
050 0 0 |a TR590  |b .N8 1948 
100 1 |a Nurnberg, Walter,  |d 1907-1991. 
245 1 0 |a Lighting for photography ;  |b means and methods. 
250 |a [1st American ed.]. 
264 1 |a London :  |b Focal Press;  |a New York :  |b Pitman,  |c [1948] 
300 |a vii, 170 pages :  |b illustrations ;  |c 24 cm. 
336 |a text  |b txt  |2 rdacontent 
337 |a unmediated  |b n  |2 rdamedia 
338 |a volume  |b nc  |2 rdacarrier 
650 0 |a Photography  |x Lighting. 
999 |a MARS 
999 f f |s 6334cbb2-cdf8-3fb6-8e56-b72c6033cc81  |i daf379f1-1504-3064-93e6-32005095f848  |t 0 
952 f f |p ric  |a Texas A&M University  |b Rellis Campus  |c Joint Library Facility  |d Remote Storage  |t 0  |e TR590 .N8 1948  |h Library of Congress classification  |i unmediated -- volume  |m A14805627472 
998 f f |a TR590 .N8 1948  |t 0  |l Remote Storage